Biện pháp quản lý kiểm tra hoạt động sư phạm của giáo viên ở các trường Trung học phổ thông huyện Châu Thành, tỉnh Hậu Giang Luận văn thạc sĩ giáo dục học. Chuyên ngành: Quản lý giáo dục. Mã số: 60140114

Saved in:
Bibliographic Details
Main Author: Đỗ, Ngọc Thúy
Other Authors: Nguyễn, Văn Đệ (Hướng dẫn)
Format: Thesis Kit Book
Language:Vietnamese
Published: Đồng Tháp Đại học Đồng Tháp 2014
Subjects:
Tags: Add Tag
No Tags, Be the first to tag this record!
Institutions: Trung tâm Học liệu Lê Vũ Hùng, Trường Đại học Đồng Tháp
LEADER 01374ppm a22003138a 4500
001 00033017
005 20171026081023.0
008 150323s2014 ||||||viesd
041 0 # |a vie 
082 1 4 |b B305PH  |a 373.11 
100 1 # |a Đỗ, Ngọc Thúy 
245 0 0 |a Biện pháp quản lý kiểm tra hoạt động sư phạm của giáo viên ở các trường Trung học phổ thông huyện Châu Thành, tỉnh Hậu Giang  |b Luận văn thạc sĩ giáo dục học. Chuyên ngành: Quản lý giáo dục. Mã số: 60140114  |c Đỗ Ngọc Thúy; Nguyễn Văn Đệ (hướng dẫn) 
260 # # |a Đồng Tháp  |b Đại học Đồng Tháp  |c 2014 
300 # # |a 87 tr. +phụ lục  |c 30cm.  |e 1 bản tóm tắt 
500 # # |a ĐTTTS ghi: Bộ giáo dục và đào tạo. Trường Đại học Đồng tháp 
653 # # |a Hậu Giang 
653 # # |a Kiểm tra 
653 # # |a Trung học phổ thông 
653 # # |a Sư phạm 
653 # # |a Quản lý 
653 # # |a Luận văn 
700 1 # |a Nguyễn, Văn Đệ  |e Hướng dẫn 
852 # # |j LV.0000516  |j LV.0001479 
852 # # |b Kho đọc SĐH  |j LV.0000516 
910 0 # |a kchi  |d 23/3/2015 
980 # # |a Trung tâm Học liệu Lê Vũ Hùng, Trường Đại học Đồng Tháp